| 000 | 00766nam a2200193Ii 4500 | ||
|---|---|---|---|
| 003 | JO-AjNU | ||
| 008 | 230605s9999||||xx |||||||||||||| ||und|| | ||
| 040 |
_aJO-AjNU _bara _erda _cJO-AjNU |
||
| 041 | _aara | ||
| 050 | 1 | 4 | _aBP160.87.I2678 2002 |
| 100 | 3 |
_aتاليف الدمشقي، أبي الفداء الحافظ إبن كثير، عناية وتهذيب: خالد خادم السروجي ، تصحيح: سليمان الزبيبي, _eauthor _913980 |
|
| 245 | 0 | 0 | _aصفة الجنىة وما فيها من النعيم |
| 264 | 3 | 1 | _aدمشق: الدار الدمشقية، 2002 |
| 300 | _a143ص | ||
| 336 |
_atext _btxt _2rdacontent |
||
| 337 |
_aunmediated _bn _2rdamedia |
||
| 338 |
_avolume _bnc _2rdacarrier |
||
| 650 | 4 |
_aالاسلام - الجنة _913981 |
|
| 999 |
_aA3619 _c7187 _d7187 |
||